|
|
|
|
| LEADER |
01141nam a22002417a 4500 |
| 001 |
33410 |
| 003 |
BD-DhAAL |
| 005 |
20180717113940.0 |
| 008 |
180717t1996 ii a|||| |||| 00| 0 ben d |
| 999 |
|
|
|c 39815
|d 39815
|
| 020 |
|
|
|a 8123715692
|
| 040 |
|
|
|a BD-DhAAL
|
| 082 |
|
|
|a 595.70954
|
| 100 |
|
|
|a মানি, এম. এস.
|9 27456
|
| 245 |
|
|
|a ভারতের কীটপতঙ্গ /
|c এম. এস. মানি, ঈশানী রায়চৌধুরী অনুবাদিত
|
| 260 |
|
|
|a নয়াদিল্লি :
|b ন্যাশনাল বুল ট্রাস্ট,
|c c১৯৯৬
|
| 300 |
|
|
|a ১১৩ পৃষ্ঠা :
|b চিত্র ;
|c ২২ সে. মি.
|
| 526 |
|
|
|a ARC
|
| 541 |
|
|
|e 33410
|
| 650 |
|
|
|a Insects
|z India
|9 27457
|
| 852 |
|
|
|a Department of Architecture
|c General Stacks
|
| 942 |
|
|
|2 ddc
|c BK
|
| 952 |
|
|
|0 0
|1 1
|2 ddc
|4 0
|6 595_709540000000000_MAN
|7 0
|9 63849
|a ARC
|b ARC
|c GEN
|d 2018-07-17
|l 0
|o 595.70954 MAN
|p 3010033410
|r 2018-07-17
|t 1
|w 2018-07-17
|y BK
|x lost from the ARC department library and approved by the Dean (reasons personal books withdrawn by Hasibul Kabir Sir and Building shifting)
|